00292nam a2200097Ia 4500008004100000020001600041100002200057245005500079260004200134300001800176180219s9999 xx 000 0 und d a00787161573 aValenti, Linda M. aLippincott's review series critical care nursing / aSan Juan CitybC & E publishingc1998 avi, 576 pages